Language Quiz

Random Language or Letter Quiz

Ends in 'BA' Quiz Stats

Quiz Updated Jul 17, 2012

Also try: Ends in 'NA'
Challenge
Share
Tweet
Embed
Score 0/24 Timer 06:00
0 Plays Today
Clue 'BA' Term % Correct
Successful Swedish pop group who sang 'Mamma Mia'ABBA
97.2%
Film actress Jessica of 'Dark Angel' and 'Fantastic Four'Alba
92.8%
Caribbean home to Fidel CastroCuba
87.6%
Underwater diving with specialized gearScuba
85.1%
Large, low pitched brass instrumentTuba
82.8%
The partner of the Forty Thieves who says 'Open sesame'Ali Baba
76.7%
Son of Mufasa in 'The Lion King'Simba
75.5%
An often studied protozoan by biology studentsAmoeba
64.4%
Star Wars character ____ the HuttJabba
64%
Brazilian dance and music with African rootsSamba
61.3%
Canadian province with its capital at WinnipegManitoba
59.9%
Dry, crisp, thin toast or a dessert with peachesMelba
59.6%
Clue 'BA' Term % Correct
Italian island where Napoleon was exiled; 'Able was [he] ere [he] saw...'Elba
58.5%
The longest venomous snake in Africa or the nickname of Kobe BryantBlack Mamba
56.5%
Dutch vacation destination island near VenezuelaAruba
54%
Capital city of EthiopiaAddis Ababa
53.1%
British band best known for the single 'Tubthumping'Chumbawamba
46.4%
Japanese corporation specializing in electrical products and household appliancesToshiba
40%
Literary Greek brought to life by Nikos Kazantzakis and played by Anthony Quinn on screenZorba
36.5%
The wife of Uriah and then later King DavidBathsheba
32.3%
A Central American xylophoneMarimba
26.5%
Small brown mushroom-like enemy in Mario gamesGoomba
25.1%
A whitish-yellow winter melonCasaba
24.5%
A leaf extract that is believed to help with brain powerGinkgo biloba
20.7%

You're not logged in!

Compare scores with friends on all Sporcle quizzes.
Sign Up with Email
OR
Log In

You Might Also Like...

Show Comments

Extras

Top Quizzes Today


Score Distribution

Your Account Isn't Verified!

In order to create a playlist on Sporcle, you need to verify the email address you used during registration. Go to your Sporcle Settings to finish the process.